00950nam a2200205 a 4500999001500000003000400015005001700019008004100036040001700077100002400094245007100118260002700189300004100216505025400257600003800511630002600549650004600575942001300621952011000634 c7628d7628OSt20260515062531.0020909s2002 spcado || o000 ||cat  aCDMRbcatc0 94816aEncinas, Pepe00aSumari Xavier Vinader [Recurs electrònic] /cFotos: Pepe Encinas a[S.l. :bs.n.,c200-?] a1 disc òptic : b53 fotos; c12 cm aConté fotografies del sumari del judici militar a Xavier Vinader el 1977 a causa de la seva entrevista a Oriol Arnau, l’advocat defensor de Salvador Puig Antich, publicada a la revista Arreu. Finalment es decretà el sobreseïment de la causa.10aVinader i Sánchez, Xavier92970 094817aArreu (Revista) 094150aLlibertat d'impremtazEspanyay1977 2udccADV 00104070aCDMRbCDMRd2021-12-28eDonaciól0oCapsa CD's 2pCDMR21120159r2021-12-28w2021-12-28yADV